01309nam a22001697a 4500999001900000008004100019100003800060245008900098260003500187300003500222520065800257650005100915773003500966906002101001942000701022952011001029 c521187d521187221226b ||||| |||| 00| 0 eng d aCao, Yiming and Chen, Shuo936398 aRebel on the canal: Disrupted trade access and social conflict in China, 1650–1911 aThe American Economic Review  a112(5), May, 2022: p.1555-1590 aThis paper examines the effects of the abandonment of China's Grand Canal—the world's largest and oldest artificial waterway—which served as a disruption to regional trade access. Using an original dataset covering 575 counties over 262 years, we show that the canal's abandonment contributed to the social turmoil that engulfed North China in the nineteenth century. Counties along the canal experienced an additional 117 percent increase in rebelliousness after the canal's closure relative to their non-canal counterparts. Our findings highlight the important role that continued access to trade routes plays in reducing conflict. – Reproduced  aDisrupted trade, Social conflict, China936399 aThe American Economic Review  aSOCIAL CONFLICTS cAR 00102ddc40709395239aIIPAbIIPAd2022-12-26h112(5), May, 2022: p.1555-1590pAR127741r2022-12-26yAR